Guess the Metallica Song by the Drum Beat - Statistics

General Stats
  • This quiz has been taken 28 times
  • The average score is 8 of 16
Answer Stats
Picture Answer % Correct
Enter Sandman
95%
Master of Puppets
82%
Nothing Else Matters
73%
One
73%
For Whom the Bell Tolls
64%
Ride the Lightning
55%
Seek and Destroy
55%
Blackened
50%
Lux Aeterna
50%
Battery
41%
Fuel
41%
And Justice for All
36%
The Unforgiven
36%
Dyers Eve
32%
King Nothing
23%
The Call of Ktulu
18%
No matching quizzes found
Score Distribution
Percent of People with Each Score
Percentile by Number Answered
Your Score History
You have not taken this quiz